[Event "GER-chT U12 Girls"]
[Site "Magdeburg"]
[Date "2023.12.27"]
[Round "1.10"]
[White "Schmegel, Alina"]
[Black "Wilke, Ronja"]
[Result "0-1"]
[WhiteElo "892"]
[BlackElo "1224"]
[PlyCount "30"]
[EventDate "2023.12.26"]
[EventType "team-swiss"]
[EventRounds "7"]
[EventCountry "GER"]
[SourceTitle "CB03_2024"]
[SourceDate "2024.01.17"]
[SourceVersion "1"]
[SourceVersionDate "2024.01.17"]
[SourceQuality "1"]
[WhiteTeam "Graefenhainichen"]
[BlackTeam "Torgelow Droegeheide"]
[WhiteTeamCountry "GER"]
[BlackTeamCountry "GER"]

1. e4 c6 2. Nc3 d5 3. exd5 cxd5 4. Bb5+ Bd7 5. Ba4 Bxa4 6. Nxa4 Nc6 7. Nf3 e6 8. a3 Be7 9. 0-0 Nf6 10. d3 0-0 11. Qe1 Qd6 12. d4 Ng4 13. Qe2 Nxd4 14. Qd1 Nxf3+ 15. Qxf3 Qxh2# 0-1